| 000 -LEADER |
| fixed length control field |
00942nam a2200241Ia 4500 |
| 001 - CONTROL NUMBER |
| control field |
530 |
| 003 - CONTROL NUMBER IDENTIFIER |
| control field |
GE_BSU |
| 008 - FIXED-LENGTH DATA ELEMENTS--GENERAL INFORMATION |
| fixed length control field |
181216s||||||||xx |||||||||||||| ||und|| |
| 020 ## - INTERNATIONAL STANDARD BOOK NUMBER |
| International Standard Book Number |
9994006053 |
| 040 ## - CATALOGING SOURCE |
| Transcribing agency |
GE_BSU |
| 080 ## - UNIVERSAL DECIMAL CLASSIFICATION NUMBER |
| Universal Decimal Classification number |
615(075.8) |
| 100 ## - MAIN ENTRY--PERSONAL NAME |
| Personal name |
ერისთავი, ლიანა |
| 245 ## - TITLE STATEMENT |
| Title |
ფარმაკოგნოზია (სამკურნალო მცენარეები) |
| 245 ## - TITLE STATEMENT |
| Remainder of title |
სახელმძღვანელო სამედიცინო უნ-ტის ფარმაცევტული ფაკ-ტის სტუდენტებისათვის |
| 260 ## - PUBLICATION, DISTRIBUTION, ETC. |
| Place of publication, distribution, etc. |
თბილისი |
| 260 ## - PUBLICATION, DISTRIBUTION, ETC. |
| Name of publisher, distributor, etc. |
საქართველოს მაცნე |
| 260 ## - PUBLICATION, DISTRIBUTION, ETC. |
| Date of publication, distribution, etc. |
2005 |
| 300 ## - PHYSICAL DESCRIPTION |
| Extent |
605 გვ. |
| 653 ## - INDEX TERM--UNCONTROLLED |
| Uncontrolled term |
სამკურნალო მცენარეები |
| 653 ## - INDEX TERM--UNCONTROLLED |
| Uncontrolled term |
ფარმაკოგნოზია |
| 942 ## - ADDED ENTRY ELEMENTS (KOHA) |
| Koha item type |
წიგნი |